000 00679nam a2200241 a 4500
999 _c4634
_d4634
001 4634
003 BD-JhCC
005 20171129114808.0
008 171129s19561976bg |||| ||b| 000 0 eng d
035 _a(BD-JhCC)4634
040 _aBD-JhCC
_dBD-JhCC
041 _aeng
082 _a303.40954
_bKAR 1956
100 _aKarim, A. K. Nazmul
245 _aChanging Society in India, Pakistan and Bangladesh /
_cA. K. Nazmul Karim
260 _aDacca :
_bNawroze Kitabistan,
_c1956.
300 _a163 p. :
_c22 cm.
650 _aSocial Conditions
_zBangladesh
650 _aSocial Conditions
_zIndia
650 _aSocial Conditions
_zPakistan
942 _2ddc
_cBK